Zahraničný obchod Slovenska v 1. polroku 1996
Vývoj zahranično-obchodných vzťahov SR za 1. polrok 1996. Obchodná bilancia za sledované obdobie. Štruktúra dovozu a vývozu. Vývoj zahraničného obchodu SR do konca roka.
Gespeichert in:
| 1. Verfasser: | |
|---|---|
| Format: | Buchkapitel |
| Sprache: | Slowakisch |
| Schlagworte: | |
| Tags: |
Keine Tags, Fügen Sie das erste Tag hinzu!
|
MARC
| LEADER | 00000naa a2200000 4500 | ||
|---|---|---|---|
| 001 | r021909 | ||
| 005 | 20230825100154.8 | ||
| 041 | 0 | |a slo | |
| 044 | |a SK | ||
| 245 | 1 | 0 | |a Zahraničný obchod Slovenska v 1. polroku 1996 |c Štefan Burda |
| 520 | |a Vývoj zahranično-obchodných vzťahov SR za 1. polrok 1996. Obchodná bilancia za sledované obdobie. Štruktúra dovozu a vývozu. Vývoj zahraničného obchodu SR do konca roka. | ||
| 610 | 2 | 0 | |a obchod zahraničný |
| 610 | 2 | 0 | |a Slovensko |
| 610 | 2 | 0 | |a január-jún |
| 610 | 2 | 0 | |a 1996 |
| 610 | 2 | 0 | |a bilancia obchodná |
| 610 | 2 | 0 | |a štruktúra dovozu |
| 610 | 2 | 0 | |a štruktúra vývozu |
| 610 | 2 | 0 | |a prirážky dovozné |
| 100 | 1 | |a Burda, Štefan | |